000 00675nam a2200253Ia 4500
003 OSt
005 20220918220621.0
006 a|||||r|||| 00| 0
007 ta
008 220917b |||||||| |||| 00| 0 eng d
024 _a146,539
037 _cTextual
040 _aARTS
_cARTS
_beng
041 _2eng
_aeng
082 _aY45v3.N7, L5
100 _aWard Harry
_9137900
245 0 _aFreemen in England 1975
260 _aSurrey
_bHarry Ward
_c1975
300 _aiv, 105p. illus
_ccm.
500 _aAppendix p98-103 (I-V); Bibliography p104
650 _aSOCIOLOGY
942 _hY45v3.N7, L5
_cTEXL
_2CC
999 _c269295
_d269295